[Event "ITA-ch U16"]
[Site "Salsomaggiore Terme"]
[Date "2019.07.09"]
[Round "3"]
[White "Cino, Giuseppe Adalberto"]
[Black "Gasparetto, Alessandro"]
[Result "1-0"]
[WhiteElo "2074"]
[BlackElo "1665"]
[PlyCount "55"]
[EventDate "2019.07.07"]
[EventType "swiss"]
[EventRounds "9"]
[EventCountry "ITA"]
[SourceTitle "EXT 2020"]
[Source "ChessBase"]
[SourceDate "2019.10.17"]
[SourceVersion "1"]
[SourceVersionDate "2019.10.17"]
[SourceQuality "1"]

1. e4 e6 2. g3 d5 3. exd5 exd5 4. Bg2 Nf6 5. Ne2 Bd6 6. 0-0 Bg4 7. c4 c6 8. cxd5 cxd5 9. Qb3 Qc7 10. Nd4 Bc5 11. Nb5 Qb6 12. d4 Bd7 13. N1c3 Be7 14. Bf4 Na6 15. Rfe1 Kf8 16. a4 Bb4 17. Bxd5 Bxc3 18. Bd6+ Qxd6 19. Nxd6 Bxe1 20. Rxe1 Nc7 21. Bxb7 Be6 22. Rxe6 fxe6 23. Bxa8 Ke7 24. Qb7 Nfd5 25. Nb5 Rxa8 26. Nxc7 Nxc7 27. Qxc7+ Kf6 28. d5 1-0